Internal audit : in the civil service (Record no. 500667)

000 -LEADER
fixed length control field 00375cam a22001097a 4500
008 - FIXED-LENGTH DATA ELEMENTS--GENERAL INFORMATION
fixed length control field 180718b1973 xxu||||| |||| 00| 0 eng d
082 ## - DEWEY DECIMAL CLASSIFICATION NUMBER
Classification number L9x42 Un3
245 ## - TITLE STATEMENT
Title Internal audit : in the civil service
Statement of responsibility, etc. by Civil Service Department, United Kingdom
260 ## - PUBLICATION, DISTRIBUTION, ETC.
Place of publication, distribution, etc. London
Name of publisher, distributor, etc. Her Majesty's Stationery Office
Date of publication, distribution, etc. 1973
300 ## - PHYSICAL DESCRIPTION
Extent 54+p.
700 ## - ADDED ENTRY--PERSONAL NAME
Personal name United Kingdom. Civil Service Department
Holdings
Withdrawn status Lost status Damaged status Not for loan Permanent Location Current Location Date acquired Full call number Barcode Date last seen Price effective from Koha item type
        Indian Institute of Public Administration Indian Institute of Public Administration 2018-08-04 L9x42 Un3 G12179 2018-08-04 2018-08-04 G

Powered by Koha